000 01007naa a2200289 c 4500
001 40768
003 ES-MaCES
005 20141221114202.0
008 101013n2010 sp d t 000 | spa d
035 _aCES20100011079v
040 _aES-MaCES
_bspa
_cES-MaCES
100 1 _aAlarcón, Silverio
_95760
245 1 3 _aLa productividad del sector agroalimentario español 1993-2007
_cSilverio Alarcón
500 _aResumen
650 4 _aEspaña
_926964
650 4 _adatos estadísticos
_930765
650 4 _amercado
_927899
650 4 _acrecimiento de la producción
_928245
650 4 _aproducción alimentaria
_927664
650 4 _apolítica agraria
_927494
650 4 _asector agrícola
_927488
653 1 0 _aAgricultura-Ganadería
773 0 _tRevista española de estudios agrosociales y pesqueros
_gn. 226 (2/2010){55/810 R. 077587}; p. 119-149
_w(ES-MaCES)25796
_974010
902 _aART Artículo de revista
942 _2CES
_cAR
_h5.0.
999 _c40768
_d40768